Geography Quiz

Random Geography or World Quiz

World Capitals A-Z Quiz Stats

 Plays Quiz Updated Jul 11, 2017

Support Sporcle.
Go Orange.
Score 0/24 Timer 07:00
2 Plays Today
% Correct
Athens, Greece
98.5%
Beijing, China
89.7%
London, United Kingdom
89.2%
Paris, France
89%
Moscow, Russia
86.3%
Washington, United States
85.4%
Jerusalem, Israel
75.3%
Cairo, Egypt
73%
Rome, Italy
70.4%
Kuala Lumpur, Malaysia
65.7%
Singapore, Singapore
62.2%
Vienna, Austria
60.5%
% Correct
Zagreb, Croatia
56.5%
Quito, Ecuador
56.2%
Tokyo, Japan
55.2%
Helsinki, Finland
54.7%
Dublin, Ireland
48.2%
Ottawa, Canada
46%
Islamabad, Pakistan
45.3%
New Delhi, India
43.8%
Ulaanbaatar, Mongolia
43.5%
Guatemala City, Guatemala
28.8%
Freetown, Sierra Leone
27.1%
Yamoussoukro, Côte d'Ivoire
21.4%

You're not logged in!

Compare scores with friends on all Sporcle quizzes.
OR
Log In
Forgot?

From the Vault

Top 12 Cities of New Zealand on a Map

by Number36

How many cities in the Land of the Long White Cloud can you name?
Remove Ads.
Support Sporcle.
Get the best of Sporcle when you Go Orange. This ad-free experience offers more features, more stats, and more fun while also helping to support Sporcle. Thank you for becoming a member.

Show Comments

Extras

Top Quizzes Today


Score Distribution

Your Account Isn't Verified!

In order to create a playlist on Sporcle, you need to verify the email address you used during registration. Go to your Sporcle Settings to finish the process.

Report this User

Report this user for behavior that violates our Community Guidelines.

Details: